[Event "MPJ_D16"]
[Site "?"]
[Date "2016.03.14"]
[Round "2.14"]
[White "Trembowiecka-wysota, Aleksandra"]
[Black "Szulc, Patrycja"]
[Result "1/2-1/2"]
[BlackElo "1692"]
[WhiteElo "1503"]
[LiveChessVersion "1.4.8"]

1. e4 {[%clk 1:30:59]} c5 {[%clk 1:30:55]} 2. c3 {[%clk 1:31:22]} d5
{[%clk 1:31:20]} 3. exd5 {[%clk 1:31:48]} Qxd5 {[%clk 1:31:44]} 4. d4
{[%clk 1:32:15]} Nf6 {[%clk 1:31:47]} 5. Nf3 {[%clk 1:32:21]} Bg4
{[%clk 1:31:10]} 6. Be2 {[%clk 1:31:45]} e6 {[%clk 1:30:33]} 7. O-O
{[%clk 1:27:33]} Be7 {[%clk 1:25:41]} 8. h3 {[%clk 1:20:52]} Bf5 {[%clk 1:24:41]}
9. Bb5+ {[%clk 1:19:25]} Nc6 {[%clk 1:22:56]} 10. c4 {[%clk 1:19:35]} Qd8
{[%clk 1:23:14]} 11. Ne5 {[%clk 1:18:56]} Rc8 {[%clk 1:23:19]} 12. Be3
{[%clk 1:03:02]} cxd4 {[%clk 1:15:37]} 13. Bxd4 {[%clk 1:03:10]} Qc7
{[%clk 1:09:03]} 14. Bxc6+ {[%clk 0:54:25]} bxc6 {[%clk 1:09:24]} 15. Qa4
{[%clk 0:54:11]} a5 {[%clk 1:09:02]} 16. c5 {[%clk 0:51:38]} O-O {[%clk 1:00:48]}
17. Nc4 {[%clk 0:50:27]} Ra8 {[%clk 0:57:18]} 18. Be5 {[%clk 0:49:13]} Qb7
{[%clk 0:52:59]} 19. Bd6 {[%clk 0:37:21]} Bxd6 {[%clk 0:50:05]} 20. cxd6
{[%clk 0:37:45]} Bd3 {[%clk 0:45:56]} 21. Rd1 {[%clk 0:37:20]} Bxc4
{[%clk 0:46:00]} 22. Qxc4 {[%clk 0:37:46]} Qxb2 {[%clk 0:46:01]} 23. Nc3
{[%clk 0:38:08]} Qb7 {[%clk 0:46:26]} 24. Rab1 {[%clk 0:38:08]} Qd7
{[%clk 0:46:16]} 25. Rb6 {[%clk 0:35:27]} Rfc8 {[%clk 0:45:27]} 26. Qc5
{[%clk 0:34:17]} Nd5 {[%clk 0:44:46]} 27. Na4 {[%clk 0:29:42]} Rab8
{[%clk 0:37:20]} 28. Rxb8 {[%clk 0:19:23]} Rxb8 {[%clk 0:37:41]} 29. Nc3
{[%clk 0:19:38]} Rd8 {[%clk 0:31:32]} 30. Nxd5 {[%clk 0:18:15]} cxd5
{[%clk 0:30:28]} 31. Rc1 {[%clk 0:18:15]} h6 {[%clk 0:30:44]} 32. Qxa5
{[%clk 0:17:55]} Qxd6 {[%clk 0:30:58]} 33. a4 {[%clk 0:17:35]} d4
{[%clk 0:30:42]} 34. Qc5 {[%clk 0:16:18]} Qd5 {[%clk 0:25:50]} 35. a5
{[%clk 0:14:31]} Qxc5 {[%clk 0:22:28]} 36. Rxc5 {[%clk 0:14:56]} Ra8
{[%clk 0:22:19]} 37. Rc4 {[%clk 0:15:20]} Rxa5 {[%clk 0:19:40]} 38. Rxd4
{[%clk 0:15:46]} Rd5 {[%clk 0:19:27]} 39. Rb4 {[%clk 0:16:00]} Kh7
{[%clk 0:19:36]} 40. Kh2 {[%clk 0:46:03]} Rf5 {[%clk 0:49:38]} 41. Kg3
{[%clk 0:46:14]} e5 {[%clk 0:42:10]} 42. f3 {[%clk 0:45:59]} Kg6 {[%clk 0:41:44]}
43. h4 {[%clk 0:45:30]} Kf6 {[%clk 0:32:50]} 44. Rb6+ {[%clk 0:45:31]} Ke7
{[%clk 0:33:14]} 45. Ra6 {[%clk 0:43:49]} 1/2-1/2

[Event "MPJ_D16"]
[Site "?"]
[Date "2016.03.14"]
[Round "2.15"]
[White "Luka, Agnieszka"]
[Black "Szelag, Zuzanna"]
[Result "0-1"]
[BlackElo "1688"]
[WhiteElo "1313"]
[LiveChessVersion "1.4.8"]

1. d4 {[%clk 1:30:57]} Nf6 {[%clk 1:30:53]} 2. c4 {[%clk 1:31:09]} e6
{[%clk 1:31:13]} 3. Nc3 {[%clk 1:31:26]} c5 {[%clk 1:31:34]} 4. Bg5
{[%clk 1:30:50]} cxd4 {[%clk 1:28:51]} 5. Qxd4 {[%clk 1:30:53]} Be7
{[%clk 1:25:07]} 6. Nf3 {[%clk 1:27:23]} Nc6 {[%clk 1:23:30]} 7. Qd2
{[%clk 1:27:10]} O-O {[%clk 1:22:03]} 8. e3 {[%clk 1:26:09]} b6 {[%clk 1:18:51]}
9. Be2 {[%clk 1:24:18]} Bb7 {[%clk 1:15:33]} 10. O-O {[%clk 1:21:05]} Rc8
{[%clk 1:12:13]} 11. Rfd1 {[%clk 1:18:32]} Nb8 {[%clk 0:50:08]} 12. Bf4
{[%clk 1:16:18]} Bxf3 {[%clk 0:46:28]} 13. gxf3 {[%clk 1:09:24]} a6
{[%clk 0:41:21]} 14. Kh1 {[%clk 1:06:31]} Nc6 {[%clk 0:38:40]} 15. Rg1
{[%clk 1:05:03]} Kh8 {[%clk 0:36:48]} 16. Rad1 {[%clk 0:59:43]} Na5
{[%clk 0:28:08]} 17. b3 {[%clk 0:58:33]} b5 {[%clk 0:21:41]} 18. cxb5
{[%clk 0:54:05]} Bb4 {[%clk 0:21:44]} 19. Be5 {[%clk 0:53:46]} d6
{[%clk 0:21:35]} 20. Qb2 {[%clk 0:50:53]} Qe7 {[%clk 0:17:28]} 21. Bxf6
{[%clk 0:48:25]} Qxf6 {[%clk 0:17:54]} 22. Na4 {[%clk 0:48:40]} Qxb2
{[%clk 0:16:40]} 23. Nxb2 {[%clk 0:48:31]} Rc2 {[%clk 0:16:33]} 24. Nd3
{[%clk 0:48:43]} Ba3 {[%clk 0:15:22]} 25. Rge1 {[%clk 0:45:49]} axb5
{[%clk 0:15:32]} 26. Ra1 {[%clk 0:44:15]} Rfc8 {[%clk 0:15:02]} 27. Kg2
{[%clk 0:42:52]} Rd2 {[%clk 0:14:33]} 28. Kf1 {[%clk 0:41:25]} Rcc2
{[%clk 0:13:09]} 29. Nc1 {[%clk 0:40:26]} Bxc1 {[%clk 0:12:38]} 30. Raxc1
{[%clk 0:40:39]} Rxe2 {[%clk 0:13:01]} 31. Rxc2 {[%clk 0:40:25]} Rxc2
{[%clk 0:13:28]} 0-1

[Event "MPJ_D16"]
[Site "?"]
[Date "2016.03.14"]
[Round "2.16"]
[White "Waszkowiak, Kinga"]
[Black "Samujlo, Agnieszka"]
[Result "0-1"]
[BlackElo "1637"]
[WhiteElo "1044"]
[LiveChessVersion "1.4.8"]

1. e4 {[%clk 1:30:58]} c5 {[%clk 1:30:54]} 2. Nc3 {[%clk 1:30:06]} d6
{[%clk 1:31:07]} 3. Bc4 {[%clk 1:30:01]} Nf6 {[%clk 1:31:17]} 4. d3
{[%clk 1:29:23]} e6 {[%clk 1:31:16]} 5. a3 {[%clk 1:25:55]} a6 {[%clk 1:30:50]}
6. f4 {[%clk 1:22:12]} Be7 {[%clk 1:29:27]} 7. Nf3 {[%clk 1:21:03]} O-O
{[%clk 1:29:00]} 8. O-O {[%clk 1:20:12]} Nc6 {[%clk 1:28:49]} 9. Qe1
{[%clk 1:18:30]} b5 {[%clk 1:26:39]} 10. Ba2 {[%clk 1:17:37]} Qc7
{[%clk 1:26:40]} 11. Qg3 {[%clk 1:14:51]} Kh8 {[%clk 1:15:03]} 12. Nh4
{[%clk 1:05:25]} Nd4 {[%clk 1:06:05]} 13. Rf2 {[%clk 0:54:42]} b4
{[%clk 1:00:24]} 14. Nd1 {[%clk 0:52:31]} Qb6 {[%clk 0:57:56]} 15. Ne3
{[%clk 0:48:49]} b3 {[%clk 0:38:10]} 16. c3 {[%clk 0:39:48]} bxa2
{[%clk 0:36:13]} 17. cxd4 {[%clk 0:39:38]} cxd4 {[%clk 0:34:51]} 18. Nc2
{[%clk 0:35:39]} a5 {[%clk 0:31:59]} 19. Rxa2 {[%clk 0:33:52]} Ba6
{[%clk 0:30:48]} 20. Ne1 {[%clk 0:30:40]} Rac8 {[%clk 0:29:18]} 21. Ra1
{[%clk 0:30:35]} Nd7 {[%clk 0:24:23]} 22. Nhf3 {[%clk 0:23:31]} Nc5
{[%clk 0:19:48]} 23. Nxd4 {[%clk 0:10:29]} Nxd3 {[%clk 0:19:32]} 24. Be3
{[%clk 0:06:40]} Qd8 {[%clk 0:14:23]} 25. Rd2 {[%clk 0:02:10]} Bh4
{[%clk 0:13:46]} 26. Nxe6 {[%clk 0:01:18]} fxe6 {[%clk 0:13:33]} 27. Qg4
{[%clk 0:01:27]} Bxe1 {[%clk 0:13:11]} 28. Rxe1 {[%clk 0:01:14]} Nxe1
{[%clk 0:13:28]} 29. f5 {[%clk 0:00:54]} exf5 {[%clk 0:13:23]} 30. exf5
{[%clk 0:01:13]} Qe7 {[%clk 0:12:26]} 31. Bd4 {[%clk 0:01:09]} Rc2
{[%clk 0:11:44]} 32. Rxc2 {[%clk 0:01:19]} Nxc2 {[%clk 0:12:05]} 0-1

[Event "MPJ_D16"]
[Site "?"]
[Date "2016.03.14"]
[Round "2.17"]
[White "Guzik, Natalia"]
[Black "Surpeta, Julia"]
[Result "1-0"]
[BlackElo "1339"]
[WhiteElo "1619"]
[LiveChessVersion "1.4.8"]

1. e4 {[%clk 1:30:58]} e6 {[%clk 1:30:45]} 2. d4 {[%clk 1:31:14]} d5
{[%clk 1:30:29]} 3. e5 {[%clk 1:31:33]} c5 {[%clk 1:30:37]} 4. c3
{[%clk 1:31:52]} Qb6 {[%clk 1:30:37]} 5. Nf3 {[%clk 1:31:18]} Bd7
{[%clk 1:30:29]} 6. a3 {[%clk 1:23:52]} a5 {[%clk 1:26:25]} 7. b3
{[%clk 1:11:29]} Nc6 {[%clk 1:15:03]} 8. Be2 {[%clk 1:03:05]} cxd4
{[%clk 1:10:54]} 9. cxd4 {[%clk 1:01:34]} Nge7 {[%clk 1:09:32]} 10. Nc3
{[%clk 0:56:38]} Nf5 {[%clk 1:03:38]} 11. Na4 {[%clk 0:50:22]} Qa7
{[%clk 1:03:54]} 12. Bb2 {[%clk 0:49:46]} Be7 {[%clk 1:03:59]} 13. Rc1
{[%clk 0:47:04]} b6 {[%clk 1:02:08]} 14. Bb5 {[%clk 0:42:48]} Nxe5
{[%clk 0:59:48]} 15. Nxe5 {[%clk 0:34:09]} Bxb5 {[%clk 1:00:09]} 16. Nc3
{[%clk 0:28:36]} Bd7 {[%clk 1:00:17]} 17. Qf3 {[%clk 0:22:13]} O-O
{[%clk 0:57:06]} 18. Qd3 {[%clk 0:10:22]} f6 {[%clk 0:47:29]} 19. Nf3
{[%clk 0:09:03]} a4 {[%clk 0:45:20]} 20. bxa4 {[%clk 0:08:29]} Bxa4
{[%clk 0:45:18]} 21. Nxd5 {[%clk 0:08:03]} Qa5+ {[%clk 0:44:09]} 22. Nc3
{[%clk 0:08:24]} Bb3 {[%clk 0:41:04]} 23. Nd2 {[%clk 0:06:30]} Bd5
{[%clk 0:38:35]} 24. Nc4 {[%clk 0:03:37]} Bxc4 {[%clk 0:37:07]} 25. Qxc4
{[%clk 0:04:05]} Rfe8 {[%clk 0:36:06]} 26. O-O {[%clk 0:03:32]} Bf8
{[%clk 0:28:52]} 27. Rfe1 {[%clk 0:03:29]} Rac8 {[%clk 0:28:32]} 28. Qd3
{[%clk 0:03:05]} Rcd8 {[%clk 0:27:45]} 29. Nb5 {[%clk 0:01:50]} Rc8
{[%clk 0:20:52]} 30. Qb3 {[%clk 0:02:16]} Kh8 {[%clk 0:20:07]} 31. Bc3
{[%clk 0:01:15]} Qa6 {[%clk 0:15:10]} 32. Rxe6 {[%clk 0:01:08]} Rxc3
{[%clk 0:12:55]} 33. Nxc3 {[%clk 0:01:05]} Rxe6 {[%clk 0:13:13]} 34. Qxe6
{[%clk 0:01:11]} Qxa3 {[%clk 0:12:34]} 35. Qe1 {[%clk 0:00:46]} Nxd4
{[%clk 0:12:50]} 36. h3 {[%clk 0:00:49]} h6 {[%clk 0:12:19]} 37. Ra1
{[%clk 0:01:12]} Qxc3 {[%clk 0:12:34]} 38. Qxc3 {[%clk 0:01:30]} Ne2+
{[%clk 0:13:01]} 39. Kf1 {[%clk 0:01:43]} Nxc3 {[%clk 0:13:29]} 40. Ra8
{[%clk 0:31:47]} Kg8 {[%clk 0:43:54]} 41. Rb8 {[%clk 0:32:02]} Nd5
{[%clk 0:44:07]} 42. Rd8 {[%clk 0:31:20]} Nc7 {[%clk 0:43:56]} 43. Rb8
{[%clk 0:31:06]} b5 {[%clk 0:44:02]} 44. Rc8 {[%clk 0:30:21]} Ne6
{[%clk 0:43:55]} 45. Rc6 {[%clk 0:30:16]} Kf7 {[%clk 0:44:21]} 46. Ke1
{[%clk 0:30:27]} b4 {[%clk 0:44:47]} 47. g3 {[%clk 0:30:22]} Ke7 {[%clk 0:43:30]}
48. Kd2 {[%clk 0:30:31]} Kd7 {[%clk 0:43:49]} 49. Ra6 {[%clk 0:30:40]} Kc7
{[%clk 0:43:56]} 50. Rxe6 {[%clk 0:30:53]} Bd6 {[%clk 0:43:25]} 51. Kd3
{[%clk 0:29:57]} Kc6 {[%clk 0:43:32]} 52. Kc4 {[%clk 0:30:03]} h5
{[%clk 0:43:48]} 53. Re8 {[%clk 0:30:08]} Kd7 {[%clk 0:43:22]} 54. Rh8
{[%clk 0:30:11]} g6 {[%clk 0:43:45]} 55. Rg8 {[%clk 0:27:31]} g5 {[%clk 0:44:03]}
56. Rh8 {[%clk 0:27:42]} h4 {[%clk 0:43:24]} 57. gxh4 {[%clk 0:27:59]} gxh4
{[%clk 0:43:49]} 58. Rxh4 {[%clk 0:28:21]} Ke6 {[%clk 0:44:16]} 59. Rg4
{[%clk 0:28:02]} Kf5 {[%clk 0:44:42]} 60. f3 {[%clk 0:27:28]} Be7
{[%clk 0:45:00]} 61. h4 {[%clk 0:27:26]} Bf8 {[%clk 0:44:55]} 62. h5
{[%clk 0:26:54]} Ke6 {[%clk 0:43:31]} 63. Rg6 {[%clk 0:25:30]} Kf7
{[%clk 0:43:57]} 64. f4 {[%clk 0:23:45]} f5 {[%clk 0:44:17]} 65. Rb6
{[%clk 0:22:54]} Kg7 {[%clk 0:44:12]} 66. Kd5 {[%clk 0:22:58]} b3
{[%clk 0:42:47]} 67. Rxb3 {[%clk 0:22:43]} Kh6 {[%clk 0:43:13]} 68. Rh3
{[%clk 0:22:59]} 1-0

[Event "MPJ_D16"]
[Site "?"]
[Date "2016.03.14"]
[Round "2.18"]
[White "Pedrak, Paulina"]
[Black "Przepiora, Anna"]
[Result "1-0"]
[BlackElo "1243"]
[WhiteElo "1610"]
[LiveChessVersion "1.4.8"]

1. e4 {[%clk 1:30:58]} c5 {[%clk 1:30:54]} 2. Nf3 {[%clk 1:31:10]} d6
{[%clk 1:31:17]} 3. d4 {[%clk 1:31:18]} cxd4 {[%clk 1:31:40]} 4. Nxd4
{[%clk 1:31:43]} Nf6 {[%clk 1:32:00]} 5. Nc3 {[%clk 1:31:17]} g6 {[%clk 1:32:23]}
6. Be3 {[%clk 1:30:10]} Bg7 {[%clk 1:32:43]} 7. Be2 {[%clk 1:29:25]} O-O
{[%clk 1:33:01]} 8. O-O {[%clk 1:27:58]} Nc6 {[%clk 1:33:17]} 9. Kh1
{[%clk 1:22:25]} d5 {[%clk 1:32:48]} 10. Nxc6 {[%clk 1:18:59]} bxc6
{[%clk 1:29:33]} 11. e5 {[%clk 1:18:16]} Ne4 {[%clk 1:29:19]} 12. Nxe4
{[%clk 1:15:05]} dxe4 {[%clk 1:27:20]} 13. Qd4 {[%clk 1:13:44]} Qd5
{[%clk 1:27:21]} 14. Qxd5 {[%clk 1:10:39]} cxd5 {[%clk 1:27:38]} 15. Bd4
{[%clk 1:11:06]} Be6 {[%clk 1:26:28]} 16. f3 {[%clk 1:10:41]} exf3
{[%clk 1:24:19]} 17. Bxf3 {[%clk 1:10:19]} Rac8 {[%clk 1:18:57]} 18. c3
{[%clk 1:09:33]} Rb8 {[%clk 1:18:16]} 19. Rf2 {[%clk 1:09:19]} a5
{[%clk 1:18:08]} 20. Rd1 {[%clk 1:07:19]} f6 {[%clk 1:13:00]} 21. exf6
{[%clk 1:06:49]} Bxf6 {[%clk 1:12:01]} 22. Be3 {[%clk 1:02:30]} Rfd8
{[%clk 1:08:28]} 23. Re2 {[%clk 1:01:11]} Bf7 {[%clk 1:04:39]} 24. Bc5
{[%clk 0:55:23]} e5 {[%clk 1:00:41]} 25. Red2 {[%clk 0:44:52]} Bg5
{[%clk 0:58:54]} 26. Re2 {[%clk 0:44:29]} Bf6 {[%clk 0:58:57]} 27. g3
{[%clk 0:42:47]} d4 {[%clk 0:56:22]} 28. cxd4 {[%clk 0:42:01]} exd4
{[%clk 0:56:41]} 29. b3 {[%clk 0:41:26]} Bd5 {[%clk 0:53:20]} 30. Bxd5+
{[%clk 0:39:48]} Rxd5 {[%clk 0:53:39]} 31. Ba3 {[%clk 0:40:10]} d3
{[%clk 0:49:43]} 32. Re6 {[%clk 0:37:20]} Kf7 {[%clk 0:45:29]} 33. Rd6
{[%clk 0:37:00]} Rxd6 {[%clk 0:44:21]} 34. Bxd6 {[%clk 0:37:08]} Rd8
{[%clk 0:44:38]} 35. Bf4 {[%clk 0:36:52]} Bc3 {[%clk 0:42:34]} 36. Kg2
{[%clk 0:36:50]} Ke6 {[%clk 0:36:34]} 37. Kf3 {[%clk 0:36:34]} h5
{[%clk 0:35:09]} 38. Bd2 {[%clk 0:35:28]} Bxd2 {[%clk 0:33:09]} 39. Rxd2
{[%clk 0:35:46]} Kf5 {[%clk 0:31:30]} 40. h3 {[%clk 1:05:34]} g5 {[%clk 1:01:43]}
41. a3 {[%clk 1:04:53]} h4 {[%clk 1:01:10]} 42. g4+ {[%clk 1:04:31]} Ke5
{[%clk 1:01:30]} 43. Ke3 {[%clk 1:04:55]} Rd4 {[%clk 1:01:34]} 44. Rxd3
{[%clk 1:05:04]} Rxd3+ {[%clk 1:01:50]} 45. Kxd3 {[%clk 1:05:27]} Kf4
{[%clk 1:02:16]} 46. b4 {[%clk 1:05:43]} axb4 {[%clk 1:01:39]} 47. axb4
{[%clk 1:06:05]} Kg3 {[%clk 1:02:05]} 48. b5 {[%clk 1:04:20]} Kxh3
{[%clk 1:02:29]} 49. b6 {[%clk 1:04:43]} Kxg4 {[%clk 1:02:52]} 50. b7
{[%clk 1:05:07]} h3 {[%clk 1:03:14]} 51. b8=Q {[%clk 1:05:30]} Kh4
{[%clk 1:03:33]} 52. Ke3 {[%clk 1:05:23]} g4 {[%clk 1:03:58]} 53. Qf4
{[%clk 1:05:40]} 1-0

[Event "MPJ_D16"]
[Site "?"]
[Date "2016.03.15"]
[Round "3.1"]
[White "Krzysztynska, Anna"]
[Black "Frej, Zofia"]
[Result "0-1"]
[BlackElo "1792"]
[WhiteElo "1643"]
[LiveChessVersion "1.4.8"]

1. d4 {[%clk 1:30:58]} d5 {[%clk 1:30:47]} 2. Nf3 {[%clk 1:31:22]} e6
{[%clk 1:31:10]} 3. e3 {[%clk 1:31:28]} c5 {[%clk 1:31:13]} 4. b3
{[%clk 1:29:42]} Nf6 {[%clk 1:29:37]} 5. Bb2 {[%clk 1:29:05]} Nc6
{[%clk 1:25:56]} 6. Nbd2 {[%clk 1:26:56]} Bd6 {[%clk 1:22:15]} 7. a3
{[%clk 1:22:11]} cxd4 {[%clk 1:19:43]} 8. exd4 {[%clk 1:21:05]} O-O
{[%clk 1:20:05]} 9. Bd3 {[%clk 1:20:24]} Qc7 {[%clk 1:17:46]} 10. Qe2
{[%clk 1:11:51]} h6 {[%clk 1:02:08]} 11. O-O {[%clk 1:07:54]} Re8
{[%clk 0:54:31]} 12. Rfe1 {[%clk 0:59:49]} a6 {[%clk 0:46:24]} 13. Ne5
{[%clk 0:52:20]} Nd7 {[%clk 0:45:24]} 14. c4 {[%clk 0:44:05]} Bxe5
{[%clk 0:32:05]} 15. dxe5 {[%clk 0:43:45]} Nc5 {[%clk 0:24:37]} 16. Bc2
{[%clk 0:41:16]} a5 {[%clk 0:22:08]} 17. Rad1 {[%clk 0:33:27]} b6
{[%clk 0:21:02]} 18. Qg4 {[%clk 0:29:39]} Rd8 {[%clk 0:15:11]} 19. Re3
{[%clk 0:20:34]} d4 {[%clk 0:11:28]} 20. Rg3 {[%clk 0:20:06]} Qxe5
{[%clk 0:11:34]} 21. Nf3 {[%clk 0:18:35]} Qf6 {[%clk 0:11:29]} 22. Nh4
{[%clk 0:10:36]} e5 {[%clk 0:11:05]} 23. Bf5 {[%clk 0:09:38]} Ne7
{[%clk 0:08:24]} 24. Rf3 {[%clk 0:06:39]} Bxf5 {[%clk 0:07:19]} 25. Nxf5
{[%clk 0:06:41]} Nxf5 {[%clk 0:07:39]} 26. Rxf5 {[%clk 0:06:36]} Qe6
{[%clk 0:07:35]} 27. Qf3 {[%clk 0:03:47]} Nxb3 {[%clk 0:05:31]} 28. Rh5
{[%clk 0:02:18]} Nc5 {[%clk 0:05:31]} 29. Qg3 {[%clk 0:01:31]} Re8
{[%clk 0:04:40]} 30. Re1 {[%clk 0:01:36]} g5 {[%clk 0:03:23]} 31. Rh3
{[%clk 0:00:55]} Rad8 {[%clk 0:02:53]} 32. f4 {[%clk 0:01:10]} exf4
{[%clk 0:00:59]} 33. Rxe6 {[%clk 0:01:07]} fxg3 {[%clk 0:01:27]} 34. Rxe8+
{[%clk 0:01:14]} Rxe8 {[%clk 0:01:55]} 35. hxg3 {[%clk 0:01:25]} Kh7
{[%clk 0:01:10]} 36. Bxd4 {[%clk 0:01:44]} Re4 {[%clk 0:01:37]} 37. Bf6
{[%clk 0:01:45]} Kg6 {[%clk 0:01:54]} 38. Bd8 {[%clk 0:02:02]} g4
{[%clk 0:01:43]} 39. Rh4 {[%clk 0:01:59]} Nd7 {[%clk 0:01:41]} 40. Kf2
{[%clk 0:31:35]} Ne5 {[%clk 0:30:54]} 41. Rh1 {[%clk 0:31:12]} Nxc4
{[%clk 0:29:13]} 42. Ra1 {[%clk 0:30:19]} b5 {[%clk 0:25:35]} 43. Bc7
{[%clk 0:27:19]} Rd4 {[%clk 0:23:48]} 44. Bf4 {[%clk 0:24:57]} Rd3
{[%clk 0:22:50]} 45. Bc1 {[%clk 0:24:29]} a4 {[%clk 0:21:23]} 46. Ra2
{[%clk 0:22:35]} h5 {[%clk 0:20:56]} 47. Ra1 {[%clk 0:22:39]} Kf5
{[%clk 0:20:41]} 48. Ra2 {[%clk 0:22:02]} Rc3 {[%clk 0:20:19]} 49. Ra1
{[%clk 0:21:50]} Ke4 {[%clk 0:19:55]} 50. Rb1 {[%clk 0:21:32]} Rb3
{[%clk 0:19:52]} 51. Ra1 {[%clk 0:21:31]} Kd3 {[%clk 0:19:59]} 52. Ra2
{[%clk 0:17:06]} Rc3 {[%clk 0:19:13]} 53. Ra1 {[%clk 0:16:33]} Kc2
{[%clk 0:19:21]} 54. Ke2 {[%clk 0:12:33]} Rb3 {[%clk 0:17:27]} 55. Bf4
{[%clk 0:09:49]} Rb1 {[%clk 0:17:25]} 56. Rxb1 {[%clk 0:09:04]} Kxb1
{[%clk 0:17:48]} 57. Kd3 {[%clk 0:09:13]} Kb2 {[%clk 0:18:02]} 58. Ke4
{[%clk 0:09:03]} Kxa3 {[%clk 0:18:02]} 59. Kd4 {[%clk 0:07:52]} Kb3
{[%clk 0:18:11]} 60. Kd3 {[%clk 0:07:17]} a3 {[%clk 0:18:16]} 0-1

[Event "MPJ_D16"]
[Site "?"]
[Date "2016.03.15"]
[Round "3.2"]
[White "Wojcik, Jagoda"]
[Black "Trusz, Julia"]
[Result "1/2-1/2"]
[BlackElo "1653"]
[WhiteElo "1510"]
[LiveChessVersion "1.4.8"]

1. e4 {[%clk 1:30:58]} c5 {[%clk 1:30:52]} 2. c3 {[%clk 1:31:15]} d5
{[%clk 1:30:38]} 3. exd5 {[%clk 1:31:33]} Qxd5 {[%clk 1:30:49]} 4. d4
{[%clk 1:31:44]} cxd4 {[%clk 1:30:44]} 5. cxd4 {[%clk 1:31:37]} Nc6
{[%clk 1:29:53]} 6. Be3 {[%clk 1:29:27]} Nf6 {[%clk 1:27:20]} 7. Nc3
{[%clk 1:28:07]} Qd8 {[%clk 1:26:37]} 8. Bb5 {[%clk 1:23:03]} Bd7
{[%clk 1:26:33]} 9. Nf3 {[%clk 1:20:07]} a6 {[%clk 1:24:34]} 10. Be2
{[%clk 1:12:16]} e6 {[%clk 1:20:57]} 11. O-O {[%clk 1:07:49]} Nb4
{[%clk 1:18:09]} 12. Re1 {[%clk 0:59:16]} Be7 {[%clk 1:16:52]} 13. Bg5
{[%clk 0:49:01]} O-O {[%clk 1:14:42]} 14. Bc4 {[%clk 0:44:18]} b5
{[%clk 1:13:01]} 15. Bb3 {[%clk 0:44:41]} Bc6 {[%clk 1:13:04]} 16. a3
{[%clk 0:40:51]} Nbd5 {[%clk 1:12:57]} 17. Qd3 {[%clk 0:39:33]} h6
{[%clk 1:10:01]} 18. Bh4 {[%clk 0:39:05]} Nf4 {[%clk 1:09:00]} 19. Qe3
{[%clk 0:36:47]} Ng6 {[%clk 1:06:00]} 20. Ne5 {[%clk 0:34:56]} Nxe5
{[%clk 0:56:04]} 21. dxe5 {[%clk 0:34:03]} Nd7 {[%clk 0:56:01]} 22. Bxe7
{[%clk 0:33:48]} Qxe7 {[%clk 0:56:24]} 23. Rad1 {[%clk 0:33:55]} Rfd8
{[%clk 0:56:18]} 24. Rd6 {[%clk 0:30:07]} Bb7 {[%clk 0:55:48]} 25. Red1
{[%clk 0:29:50]} Nf8 {[%clk 0:54:43]} 26. Bc2 {[%clk 0:22:16]} Rac8
{[%clk 0:52:01]} 27. R1d4 {[%clk 0:19:04]} Rd7 {[%clk 0:46:51]} 28. Rg4
{[%clk 0:15:34]} Kh8 {[%clk 0:45:27]} 29. Qg3 {[%clk 0:15:47]} f6
{[%clk 0:43:50]} 30. Rxd7 {[%clk 0:13:30]} Nxd7 {[%clk 0:42:34]} 31. exf6
{[%clk 0:12:49]} Nxf6 {[%clk 0:42:27]} 32. Rd4 {[%clk 0:09:58]} e5
{[%clk 0:40:08]} 33. Rd1 {[%clk 0:09:01]} b4 {[%clk 0:37:28]} 34. axb4
{[%clk 0:07:33]} Qxb4 {[%clk 0:37:22]} 35. Bf5 {[%clk 0:06:57]} Re8
{[%clk 0:34:30]} 36. Bg6 {[%clk 0:07:20]} Rc8 {[%clk 0:34:26]} 37. Bf5
{[%clk 0:06:10]} Re8 {[%clk 0:33:45]} 38. Qg6 {[%clk 0:03:48]} Qxb2
{[%clk 0:29:41]} 39. Rd7 {[%clk 0:03:32]} Rg8 {[%clk 0:28:19]} 40. Qxf6
{[%clk 0:33:29]} Qc1+ {[%clk 0:57:32]} 41. Nd1 {[%clk 0:33:52]} Qxd1+
{[%clk 0:57:49]} 42. Rxd1 {[%clk 0:34:12]} gxf6 {[%clk 0:58:15]} 43. Rd7
{[%clk 0:34:20]} Rg7 {[%clk 0:55:58]} 44. Rd8+ {[%clk 0:34:36]} Rg8
{[%clk 0:56:23]} 45. Rd7 {[%clk 0:35:02]} Rxg2+ {[%clk 0:49:38]} 46. Kf1
{[%clk 0:35:29]} Rg5 {[%clk 0:40:50]} 47. Bc2 {[%clk 0:32:18]} Bc6
{[%clk 0:36:21]} 48. Rh7+ {[%clk 0:32:16]} Kg8 {[%clk 0:36:46]} 49. Rxh6
{[%clk 0:32:37]} Bb5+ {[%clk 0:36:58]} 50. Ke1 {[%clk 0:33:01]} f5
{[%clk 0:36:18]} 51. Re6 {[%clk 0:31:58]} e4 {[%clk 0:36:12]} 52. Re5
{[%clk 0:31:59]} Kg7 {[%clk 0:33:56]} 53. h4 {[%clk 0:30:11]} Rh5
{[%clk 0:32:40]} 54. Bxe4 {[%clk 0:29:44]} Rxh4 {[%clk 0:25:58]} 55. Bxf5
{[%clk 0:28:06]} Kf6 {[%clk 0:26:10]} 56. Rd5 {[%clk 0:28:30]} Rh5
{[%clk 0:13:59]} 57. Be4 {[%clk 0:28:49]} Rxd5 {[%clk 0:14:15]} 58. Bxd5
{[%clk 0:29:13]} Ke5 {[%clk 0:13:50]} 1/2-1/2